000 00714nam a22001817a 4500
999 _c371526
_d371526
008 201127b ||||| |||| 00| 0 eng d
040 _aDE-2950
_bger
_cDE-2950
_erda
041 _ager
245 _aStart für neues Kraftwerk.
_bEnergie Die neue Gasmotorenanlage der Stadtwerke in Frankfurt wurde mit einem symbolischen Druck auf den roten Knopf in Betrieb genommen/
_cPhilipp Stepputtis
264 _c2022
653 _aFrankfurt (O)
653 _aEnergieversorgung
773 _dFrankfurt (Oder) Märkisches Verlags- und Druckhaus GmbH & Co KG
_tMärkische Oderzeitung
_g33. Jahrgang (2022) Nr. 64 vom 17.03.2022, S. 16
942 _cA